|
|
|
|
| LEADER |
00832nam a2200169Ia 4500 |
| 001 |
UIH_02353 |
| 008 |
230809s9999 xx 000 0 und d |
| 082 |
|
|
|a 621.319
|
| 100 |
|
|
|a Lê, Vũ Phương Trinh
|
| 245 |
|
0 |
|a Xác định công suất tối ưu của bộ dự trữ năng lượng trên lưới điện phân phối để giảm chi phí mua điện : Luận văn thạc sĩ - Chuyên ngành: Kỹ thuật Điện
|
| 245 |
|
0 |
|c Lê, Vũ Phương Trinh
|
| 260 |
|
|
|b Đại học Công Nghiệp TP. Hồ Chí Minh
|
| 260 |
|
|
|c 2022
|
| 650 |
|
|
|a Kỹ thuật điện;
|
| 856 |
|
|
|u https://opac.iuh.edu.vn/TraCuuTaiLieuSo2XemChiTiet.aspx?Id=119993
|
| 927 |
|
|
|a Luận văn
|
| 980 |
|
|
|a Trung tâm Thư viện - Trường Đại học Công nghiệp TP. Hồ Chí Minh
|